000
00221nam a22000857a 4500
008
160824b xxu||||| |||| 00| 0 eng d
100
_9
243
_a
Abdul Kalam APJ
245
_a
Wings of Fire
260
_a
Hyderabad
_b
AP publication
_c
2009
999
_c
2898
_d
2898